000 00637nam a2200253Ia 4500
005 20250425162337.0
008 250425s9999 xx 000 0 und d
041 _aspa
043 _amx
082 _a625.7
100 _aFONSECA RODRIGUEZ, CARLOS
245 0 _aVIAS DE COMUNICACION I - PARTE I
250 _aS.E.
260 _aMéxico
_bITESM, CAMPUS MONTERREY, DEPARTAMENTO DE INGENIERIA CIVIL
_c1998
260 _aMONTERREY
300 _a209
650 _aCARACTERISTICAS
650 _aDISEÑO
650 _aPAVIMENTOS
650 _aPROPIEDADES
700 _aTORRES VERDIN, VICTOR
942 _c01
010 _a64195
999 _c227285
_d227285